000 00710nam a22002537a 4500
001 45433
003 UA-OsUOA
005 20210514110701.0
007 ta
008 20111011b un ||||| |||| 00| 0 ukr d
040 _aUA-OsUOA
_bukr
_cUA-OsUOA
_dUA-OsUOA
041 _aukr
080 _a09.-94(477).
090 _a09.-94(477).
_bА82
100 _aАркас М.
245 _aІсторія України
260 _aБуенос-Айрес
_c1947
300 _a584 с.
650 7 _a0 Загальний відділ.
_2UDC
942 _cBK
_2udc
955 _a2
999 _c425545
_d425545